[Event "68. BEM 2014"]
[Site "Dortmund"]
[Date "2014.02.10"]
[Round "7.14"]
[White "Kawka, Bogdan"]
[Black "Wangrin, Stefan A"]
[Result "1-0"]
[WhiteElo "1118"]
[BlackElo "1323"]
[PlyCount "117"]
[EventDate "2014.??.??"]
[Source "SG Dortmund"]
[SourceDate "2004.12.16"]

1. e4 e5 2. Nf3 Nc6 3. Bb5 Nge7 4. c3 a6 5. Ba4 b5 6. Bb3 d5 7. exd5 Nxd5 8. d3
Bc5 9. Nbd2 Nf4 10. Ne4 Nxd3+ 11. Ke2 Bxf2 12. Nxf2 e4 13. Nxe4 Nce5 14. Nxe5
Nxe5 15. Qxd8+ Kxd8 16. Bf4 Bg4+ 17. Ke3 Nc4+ 18. Bxc4 bxc4 19. Kf2 Rb8 20. Kg3
Be2 21. Rhe1 Rxb2 22. Rab1 Rxb1 23. Rxb1 Kd7 24. Nc5+ Kc6 25. Nxa6 Ra8 26. Nb4+
Kd7 27. Ra1 Ra3 28. Bd2 c5 29. Nc2 Ra6 30. Kf2 Bd3 31. Ne1 Rf6+ 32. Nf3 Bc2 33.
a3 Ba4 34. Re1 h6 35. Kg1 Ra6 36. Ne5+ Ke8 37. Nxc4+ Kf8 38. Re5 Bb3 39. Rxc5
Bxc4 40. Rxc4 Rxa3 41. Kf2 g5 42. Ke2 Ra5 43. Kd3 Ke7 44. Kd4 Kd6 45. Kd3 Rf5
46. Rd4+ Kc7 47. Kc4 Rf2 48. Be3 Rxg2 49. Rd2 Rg4+ 50. Kb5 Re4 51. Bb6+ Kb7 52.
Rd7+ Kc8 53. Rc7+ Kb8 54. c4 g4 55. Rxf7 Re2 56. c5 Rxh2 57. Kc6 Rd2 58. Rf8+
Rd8 59. Rxd8# 1-0

[Event "68. BEM 2014"]
[Site "Dortmund"]
[Date "2014.02.10"]
[Round "7.16"]
[White "Schmidt, Andreas N"]
[Black "Wilkins, Petra"]
[Result "1-0"]
[WhiteElo "984"]
[BlackElo "942"]
[PlyCount "41"]
[EventDate "2014.??.??"]
[Source "SG Dortmund"]
[SourceDate "2004.12.16"]

1. e4 d6 2. d4 Nf6 3. Nc3 g6 4. Bc4 Nxe4 5. Nxe4 d5 6. Qf3 dxc4 7. d5 Bg7 8. c3
O-O 9. Ne2 Nd7 10. Bf4 Nb6 11. Rd1 Nxd5 12. Rxd5 Qe8 13. N2g3 Qa4 14. O-O c6
15. Rd2 Qxa2 16. Rfd1 e5 17. Rd8 Be6 18. Rxa8 Rxa8 19. Bg5 Bd5 20. Nf6+ Bxf6
21. Qxf6 1-0

[Event "68. BEM 2014"]
[Site "Dortmund"]
[Date "2014.02.10"]
[Round "7.17"]
[White "Reker, Gerhard"]
[Black "Grawe, Herbert"]
[Result "0-1"]
[WhiteElo "890"]
[BlackElo "1463"]
[PlyCount "56"]
[EventDate "2014.??.??"]
[Source "SG Dortmund"]
[SourceDate "2004.12.16"]

1. e4 Nc6 2. Bb5 a6 3. Ba4 e5 4. Nc3 Bc5 5. Nf3 d6 6. O-O f5 7. d3 f4 8. Nd5
Nf6 9. c4 O-O 10. a3 Ng4 11. h3 Nh6 12. b4 Ba7 13. Bb3 Kh8 14. a4 Ne7 15. a5
Ng6 16. Ba3 Bd7 17. c5 Rc8 18. Bc4 Nh4 19. Nxh4 Qxh4 20. Qf3 Be8 21. Rab1 Bh5
22. g4 fxg3 23. Qxg3 Qd8 24. Bc1 Rf3 25. Qg2 Nf7 26. Ne3 Ng5 27. Re1 Nxh3+ 28.
Kf1 Rxf2+ 0-1

[Event "68. BEM 2014"]
[Site "Dortmund"]
[Date "2014.02.11"]
[Round "8.1"]
[White "Kropp, Andreas"]
[Black "Stricker, Florian"]
[Result "1-0"]
[WhiteElo "1948"]
[BlackElo "1891"]
[PlyCount "81"]
[EventDate "2014.??.??"]
[Source "SG Dortmund"]
[SourceDate "2004.12.16"]

1. e4 c5 2. Nf3 Nc6 3. d4 cxd4 4. Nxd4 e5 5. Nb5 d6 6. c4 Nf6 7. N1c3 a6 8. Na3
Be6 9. Be2 Be7 10. Be3 O-O 11. O-O Nd7 12. Nc2 Re8 13. Qd2 Bf8 14. b3 Ne7 15.
Nb4 f5 16. f3 f4 17. Bf2 Nc6 18. Nbd5 Rc8 19. Na4 Qg5 20. Rfd1 Qh6 21. b4 Ne7
22. Nab6 Nxb6 23. Nxb6 Rcd8 24. Qb2 g5 25. Rd2 Qg7 26. Rad1 Nc8 27. Nd5 Kh8 28.
Qc3 Bf7 29. h4 h5 30. hxg5 Qxg5 31. Kh2 Ne7 32. Nc7 Ng8 33. Nxe8 Rxe8 34. Rh1
Rc8 35. Kg1 Bxc4 36. Bxc4 b5 37. Bc5 dxc5 38. Be6 Rc6 39. Bf5 c4 40. Qxe5+ Bg7
41. Qe8 1-0

[Event "68. BEM 2014"]
[Site "Dortmund"]
[Date "2014.02.11"]
[Round "8.2"]
[White "Brendemühl, Bernd"]
[Black "Gegner, Michael"]
[Result "1-0"]
[WhiteElo "1961"]
[BlackElo "1491"]
[PlyCount "67"]
[EventDate "2014.??.??"]
[Source "SG Dortmund"]
[SourceDate "2004.12.16"]

1. e4 g5 2. d4 h6 3. c4 Bg7 4. Nc3 e6 5. Be3 Ne7 6. Bd3 d6 7. Nge2 Nd7 8. Ng3
Ng6 9. Nh5 Bf8 10. Qe2 a5 11. g3 Nf6 12. O-O-O c6 13. f4 Nxh5 14. Qxh5 gxf4 15.
gxf4 Qh4 16. Qf3 e5 17. f5 Ne7 18. Rdg1 Rg8 19. dxe5 dxe5 20. Rg3 Qf6 21. Na4
Bd7 22. Nb6 Rd8 23. Bd2 Rxg3 24. Qxg3 Nc8 25. Bxa5 Nxb6 26. Bxb6 Ra8 27. Kb1 c5
28. Bc7 Bg7 29. Rg1 Kf8 30. Bc2 Rc8 31. Bd6+ Qxd6 32. Qxg7+ Ke7 33. Rd1 Qc7 34.
Rd5 1-0

[Event "68. BEM 2014"]
[Site "Dortmund"]
[Date "2014.02.11"]
[Round "8.3"]
[White "Begna, Bozidar"]
[Black "Schütz, Ralf"]
[Result "1-0"]
[WhiteElo "1958"]
[BlackElo "1824"]
[PlyCount "113"]
[EventDate "2014.??.??"]
[Source "SG Dortmund"]
[SourceDate "2004.12.16"]

1. e4 c5 2. Nf3 Nc6 3. Bb5 Qc7 4. O-O e5 5. Re1 d6 6. c3 a6 7. Bxc6+ bxc6 8. d4
cxd4 9. cxd4 Nf6 10. Nbd2 Be6 11. Nf1 h6 12. Ng3 g6 13. Bd2 Bg7 14. dxe5 dxe5
15. Qc1 Nd7 16. Re3 Kf8 17. Rc3 Rc8 18. Qc2 Kg8 19. Nf1 Kh7 20. Ne3 Rhd8 21.
Rc1 Nb8 22. Rc5 f6 23. Ba5 Qe7 24. Bxd8 Rxd8 25. Rc3 Qb7 26. h3 Bf8 27. a3 a5
28. Nc4 Qa8 29. Qa4 c5 30. Qxa5 Nc6 31. Qxa8 Rxa8 32. Kf1 Nd4 33. Nxd4 exd4 34.
Rd3 Rb8 35. b3 Kg7 36. f4 h5 37. Kf2 Be7 38. Kf3 f5 39. e5 Bd5+ 40. Kf2 Be4 41.
Rcd1 g5 42. fxg5 Bxg5 43. Nd6 Be3+ 44. Kf1 Bf4 45. Nc4 h4 46. a4 Bd5 47. Kf2
Bxc4 48. bxc4 Rb2+ 49. Kf3 Bxe5 50. Ra3 Bg3 51. Rf1 Rc2 52. a5 Rxc4 53. a6 d3
54. a7 d2 55. a8=Q Rf4+ 56. Ke2 Rxf1 57. Ra7+ 1-0

[Event "68. BEM 2014"]
[Site "Dortmund"]
[Date "2014.02.11"]
[Round "8.4"]
[White "Duschek, Günter"]
[Black "Ewers, Christian"]
[Result "0-1"]
[WhiteElo "1482"]
[BlackElo "1692"]
[PlyCount "86"]
[EventDate "2014.??.??"]
[Source "SG Dortmund"]
[SourceDate "2004.12.16"]

1. d4 Nf6 2. Bf4 g6 3. Nf3 Bg7 4. c3 d6 5. Nbd2 Nh5 6. Bg3 O-O 7. e3 Nd7 8. Be2
Nxg3 9. hxg3 c6 10. Ng5 h6 11. Ngf3 e5 12. Qb3 Qe7 13. Nh4 Kh7 14. g4 exd4 15.
cxd4 c5 16. d5 Ne5 17. g5 Qxg5 18. f4 Qg3+ 19. Kd1 Ng4 20. Nf1 Qf2 21. Rh3 Bf6
22. Nf3 Re8 23. Kd2 Bd4 24. e4 Kg7 25. Nxd4 Qxd4+ 26. Ke1 Rxe4 27. Qc3 Qxc3+
28. bxc3 Bd7 29. Kd2 Rae8 30. Bd3 Rxf4 31. Rf3 Rxf3 32. gxf3 Ne5 33. Be2 h5 34.
a4 b6 35. a5 b5 36. Rb1 a6 37. Ng3 f5 38. Rh1 Kf6 39. f4 Ng4 40. Bxg4 fxg4 41.
Kd3 Bf5+ 42. Nxf5 Kxf5 43. Rf1 Re4 0-1

[Event "68. BEM 2014"]
[Site "Dortmund"]
[Date "2014.02.11"]
[Round "8.5"]
[White "Grube, Jörg"]
[Black "Rauschenbusch, Udo"]
[Result "1-0"]
[WhiteElo "1810"]
[BlackElo "1651"]
[PlyCount "75"]
[EventDate "2014.??.??"]
[Source "SG Dortmund"]
[SourceDate "2004.12.16"]

1. e4 Nf6 2. e5 Nd5 3. d4 d6 4. c4 Nb6 5. f4 dxe5 6. fxe5 Nc6 7. Nf3 Bg4 8. Be3
e6 9. Nc3 Be7 10. Be2 O-O 11. O-O f6 12. exf6 Bxf6 13. Ne4 Bxf3 14. Nxf6+ Rxf6
15. Bxf3 Nxc4 16. Bg5 Nxd4 17. Bxf6 gxf6 18. Qc1 Nxf3+ 19. Rxf3 Qd4+ 20. Kh1
Ne5 21. Rg3+ Ng6 22. Rb3 Rd8 23. h3 b6 {(=)} 24. Qxc7 Rd7 25. Qc3 Qf4 26. Rb4
Qd6 27. Rc4 Kf7 28. Rc1 Nf4 29. Qf3 e5 30. g3 Qd5 31. Qxd5+ Nxd5 32. Kg1 Kg6
33. Kf2 h5 34. Kf3 f5 35. Rc6+ Nf6 36. Rc7 e4+ 37. Ke2 Rd4 38. Rxa7 {
und Schwarz ueberschritt die Zeit.} 1-0

[Event "68. BEM 2014"]
[Site "Dortmund"]
[Date "2014.02.11"]
[Round "8.6"]
[White "Cogan, Leonid"]
[Black "Raskin, Vitali"]
[Result "1-0"]
[WhiteElo "1741"]
[BlackElo "1619"]
[PlyCount "101"]
[EventDate "2014.??.??"]
[Source "SG Dortmund"]
[SourceDate "2004.12.16"]

1. e4 e5 2. Nf3 Nc6 3. Bb5 d6 4. O-O a6 5. Bxc6+ bxc6 6. d4 exd4 7. Qxd4 h6 8.
h3 c5 9. Qc3 Nf6 10. e5 Nd5 11. Qd2 Bb7 12. c4 Nb6 13. Re1 Be7 14. exd6 Qxd6
15. Qe2 O-O-O 16. Qxe7 Qxe7 17. Rxe7 Bxf3 18. Nc3 Bh5 19. Re5 Bg6 20. Rxc5 Rd4
21. b3 Rd3 22. Nd5 Nxd5 23. cxd5 Rd1+ 24. Kh2 f6 25. d6 Rxd6 26. Bf4 Rd7 27.
Rac1 Rg8 28. Rxc7+ Rxc7 29. Rxc7+ Kd8 30. Ra7 Ke8 31. Rxa6 Kd7 32. b4 Be4 33.
a4 g5 34. Be3 Rf8 35. f3 Bd3 36. Ra7+ Kc6 37. b5+ Kd6 38. b6 Rb8 39. a5 f5 40.
f4 Kc6 41. fxg5 hxg5 42. Bxg5 Rb7 43. Rxb7 Kxb7 44. h4 Be4 45. h5 Bd5 46. h6
Bg8 47. Kg3 Ka6 48. Bd2 Kb7 49. Kf4 Bh7 50. Ke5 Kc6 51. Kf6 1-0

[Event "68. BEM 2014"]
[Site "Dortmund"]
[Date "2014.02.11"]
[Round "8.7"]
[White "Reinacher, Detlev"]
[Black "Krug, Roland"]
[Result "1/2-1/2"]
[WhiteElo "1532"]
[BlackElo "1767"]
[Annotator "P. Schulenburg"]
[PlyCount "140"]
[EventDate "2014.??.??"]
[Source "SG Dortmund"]
[SourceDate "2004.12.16"]

1. e4 c5 2. d3 e6 3. g3 d5 4. Nd2 Nf6 5. Bg2 Nc6 6. Ngf3 Be7 7. O-O Qc7 8. Re1
O-O 9. e5 Nd7 10. Qe2 b5 11. Nf1 a5 12. Bf4 b4 13. h4 Ba6 14. Ne3 Rac8 15. Ng4
Qb6 16. h5 h6 17. Qd2 Nd4 18. Bxh6 Nf5 19. Bf4 c4 20. h6 g6 21. h7+ Kxh7 22.
Nh6 Nxh6 23. Bxh6 Rh8 24. Qf4 Kg8 25. d4 c3 26. b3 Qd8 27. Ng5 Qe8 28. Nf3 Bb5
29. Nh2 Ra8 30. Ng4 a4 31. Nf6+ Nxf6 32. exf6 Bf8 33. Bg7 Bxg7 34. fxg7 Kxg7
35. Bxd5 Rd8 36. Bf3 Bc6 37. Qe5+ f6 38. Qc7+ Bd7 39. Bc6 Kg8 40. d5 Bxc6 41.
Rxe6 Qd7 42. Qxc6 Qxd5 43. Qxd5 Rxd5 44. Rxf6 Kg7 45. Rf4 Rd2 46. Rxb4 axb3 47.
axb3 Rxc2 48. Ra7+ Kf6 49. Rf4+ Ke5 50. Rc7 Rb8 51. b4 Rb2 52. Rxc3 R2xb4 53.
Rxb4 Rxb4 54. Rf3 Ke6 55. Kg2 Ke7 56. Kh3 Rb6 57. g4 g5 58. Rf5 Rg6 59. f4 gxf4
60. Rxf4 Rh6+ 61. Kg3 {Diagramm #} 61... Rh1 $6 {Der Zug verliert zwar (noch)
nicht, verraet jedoch ein unzureichendes Verstaendnis der Situation: Der
schwarze Koenig ist seitlich vom Bauern abgeschnitten, so dass die Regel
"Tuerme gehoeren hinter die Bauern" hier nicht gilt - im Gegenteil!} ({
Am einfachsten fuer Schwarz waere es gewesen, sofort mittels} 61... Rf6 {
die Absperrung aufzuheben, um sich mit dem Koenig dem gegnerischen Bauern in
den Weg zu stellen.}) 62. Rf5 Ke6 63. Kf4 Rf1+ 64. Kg5 {Diagramm #} 64... Ra1
$4 $18 ({Nur der Turmtausch} 64... Rxf5+ 65. gxf5+ Kf7 {haette noch gerettet.
Erstaunlich, dass Schwarz diesen augenfaelligen Weg zum Remis uebersieht.}) 65.
Kh5 Rh1+ 66. Kg6 Rg1 67. g5 Ke7 68. Rf6 Rg2 69. Kh6 Rg1 {Und in dieser
technisch gewonnenen Stellung unterlief dem Anziehenden ein Fingerfehler:} 70.
Kg7 $4 ({Leicht gewonnen haette} 70. Rf2 {wonach Weiss den Bauern bis nach g7
treibt und anschliessend mit seinem Turm eine "Bruecke" baut. Hier eine
Musterfolge von Zuegen:} 70... Rh1+ 71. Kg7 Rg1 72. g6 Rg3 73. Kh7 Rh3+ 74. Kg8
Rg3 75. g7 Rh3 76. Re2+ Kd7 ({oder} 76... Kf6 77. Kf8) 77. Re4 $1 {
Der Brueckenbau!} 77... Rh1 78. Kf7 Rf1+ 79. Kg6 Rg1+ 80. Kf6 Rg2 (80... Rf1+
81. Kg5 Rg1+ 82. Rg4 $18) 81. Re5 $1 Rf2+ 82. Kg6 Rg2+ 83. Rg5 $18) 70... Rxg5+
1/2-1/2

[Event "68. BEM 2014"]
[Site "Dortmund"]
[Date "2014.02.11"]
[Round "8.8"]
[White "Ziemek, Gerhard"]
[Black "Kawka, Bogdan"]
[Result "1-0"]
[WhiteElo "1615"]
[BlackElo "1118"]
[PlyCount "127"]
[EventDate "2014.??.??"]
[Source "SG Dortmund"]
[SourceDate "2004.12.16"]

1. d4 Nf6 2. Nc3 d5 3. f3 e6 4. Bg5 Be7 5. Bh4 Nfd7 6. Bg3 Bh4 7. Qd2 Bg5 8. e3
c5 9. Nb5 O-O 10. Nc7 cxd4 11. Qxd4 Nc6 12. Qd2 Rb8 13. Nb5 Bh4 14. Bd3 Bxg3+
15. hxg3 Nf6 16. g4 Ne5 17. Be2 a6 18. Nd4 Ng6 19. g5 Ne8 20. f4 f6 21. Ngf3 e5
22. fxe5 fxe5 23. Nb3 e4 24. Nfd4 Qxg5 25. O-O-O Ne5 26. Nc5 Rf6 27. c3 Nd6 28.
Nc2 Rf5 29. Qxd5+ Nef7 30. Qd4 Rxc5 31. Rh5 Qxg2 32. Rxc5 Qxe2 33. Nb4 Be6 34.
b3 Rd8 35. Rd2 Qg4 {(=)} 36. Rc7 h6 37. c4 Nf5 38. Qc3 Rxd2 39. Qxd2 Qg1+ 40.
Kb2 Qxe3 41. Qxe3 Nxe3 42. Rxb7 h5 43. Nxa6 h4 44. Nc5 Bf5 45. Re7 h3 46. Nxe4
Bxe4 47. Rxe4 h2 48. Rh4 Nf1 49. c5 Ne5 50. b4 g5 51. Rh5 Kf7 ({Schnell gewann
} 51... g4 $1) 52. a4 Ng4 (52... g4 $19) 53. a5 Ng3 $4 54. Rh3 $18 h1=Q 55.
Rxh1 Nxh1 56. a6 Kg6 57. a7 Ngf2 58. a8=Q g4 59. Qg8+ Kf5 60. c6 g3 61. c7 Kf4
62. c8=Q Kf3 63. Qc6+ Ne4 64. Qf7+ 1-0

[Event "68. BEM 2014"]
[Site "Dortmund"]
[Date "2014.02.11"]
[Round "8.9"]
[White "Brohl, Thomas"]
[Black "Jentzsch, Werner Wilfried"]
[Result "1-0"]
[WhiteElo "1523"]
[BlackElo "1337"]
[PlyCount "63"]
[EventDate "2014.??.??"]
[Source "SG Dortmund"]
[SourceDate "2004.12.16"]

1. e4 e6 2. d4 d5 3. Nc3 dxe4 4. Nxe4 Nf6 5. Bd3 Nxe4 6. Bxe4 Nc6 7. c3 Be7 8.
Nf3 f5 9. Bxc6+ bxc6 10. Ne5 Bb7 11. Qh5+ g6 12. Nxg6 hxg6 13. Qxh8+ Kd7 14.
Qxd8+ Rxd8 15. Bf4 c5 16. dxc5 Bxg2 17. Rd1+ Kc8 18. Rxd8+ Kxd8 19. Rg1 Bd5 20.
b3 Bxc5 21. Rxg6 Kd7 22. Ke2 Be4 23. h4 Bb1 24. Rg7+ Kd8 25. h5 Bxa2 26. h6 Bf8
27. Rg8 Bxb3 28. h7 e5 29. Rxf8+ Ke7 30. h8=Q exf4 31. Qf6+ Kd7 32. Rd8# 1-0

[Event "68. BEM 2014"]
[Site "Dortmund"]
[Date "2014.02.11"]
[Round "8.10"]
[White "Kartsev, Nikolaj"]
[Black "Sobottka, Hans-Gerald"]
[Result "1-0"]
[WhiteElo "1519"]
[BlackElo "876"]
[PlyCount "53"]
[EventDate "2014.??.??"]
[Source "SG Dortmund"]
[SourceDate "2004.12.16"]

1. e4 e5 2. Nf3 Nc6 3. Bb5 Nf6 4. d3 a6 5. Bxc6 bxc6 6. Nxe5 Bd6 7. Nc4 O-O 8.
e5 Re8 9. d4 c5 10. O-O Bxe5 11. dxe5 Ne4 12. f3 Ng5 13. f4 Ne6 14. f5 Nd4 15.
c3 Nc6 16. f6 Nxe5 17. Nxe5 Rxe5 18. fxg7 Bb7 19. Qg4 Qe7 20. Bf4 Re1 21. Nd2
f5 22. Raxe1 fxg4 23. Rxe7 Bd5 24. Rfe1 Bf7 25. Bh6 Rd8 26. Ne4 Re8 27. Nf6#
1-0

[Event "68. BEM 2014"]
[Site "Dortmund"]
[Date "2014.02.11"]
[Round "8.11"]
[White "Zabel, Reinhard"]
[Black "Schmidt, Andreas N"]
[Result "1-0"]
[WhiteElo "1498"]
[BlackElo "984"]
[PlyCount "93"]
[EventDate "2014.??.??"]
[Source "SG Dortmund"]
[SourceDate "2004.12.16"]

1. e4 e5 2. Nf3 Nc6 3. Bb5 Nf6 4. Bxc6 dxc6 5. Nc3 Bc5 6. h3 O-O 7. d3 Re8 8.
O-O h6 9. Re1 Be6 10. Na4 Bd6 11. d4 Bd7 12. dxe5 Rxe5 13. Nxe5 Bxe5 14. Nc5
Qe7 15. Nxd7 Nxd7 16. Rb1 Rd8 17. Qg4 Nf6 18. Qf3 g5 19. b3 Qb4 20. Re3 Qd6 21.
Rd3 Qe7 22. Rxd8+ Qxd8 23. Qd3 Qe7 24. f3 Nh5 25. Be3 Qb4 26. Rd1 Qe7 27. Qd8+
Qxd8 28. Rxd8+ Kg7 29. Bd4 Bf6 30. Bxf6+ Nxf6 31. Kf2 h5 32. Ke3 g4 33. hxg4
hxg4 34. f4 Kg6 35. c4 g3 36. Kf3 a5 37. Rc8 Kh5 38. Rxc7 Ng4 39. Kxg3 Nh6 40.
Rxb7 f5 41. e5 Ng8 42. Rc7 a4 43. Rxc6 Ne7 44. Ra6 axb3 45. axb3 Nc8 46. Rf6
Ne7 47. b4 1-0

[Event "68. BEM 2014"]
[Site "Dortmund"]
[Date "2014.02.11"]
[Round "8.12"]
[White "Sohraby, Darjusch"]
[Black "Benke, Werner"]
[Result "0-1"]
[WhiteElo "1292"]
[BlackElo "1555"]
[PlyCount "94"]
[EventDate "2014.??.??"]
[Source "SG Dortmund"]
[SourceDate "2004.12.16"]

1. e4 e6 2. Nf3 d5 3. exd5 exd5 4. d4 Nf6 5. Nc3 Be7 6. Bd3 O-O 7. O-O Bg4 8.
Re1 Nbd7 9. Be3 Re8 10. Be2 c6 11. Qd3 Qc7 12. h3 Bh5 13. Bg5 Bg6 14. Qd2 h6
15. Bf4 Bd6 16. Bxd6 Qxd6 17. Bd3 Ne4 18. Bxe4 dxe4 19. Nh4 Bh7 20. g3 Nf6 21.
Re3 Rad8 22. Ne2 c5 23. Rd1 c4 24. Nc3 a6 25. a4 Qe6 26. Kh2 Rd7 27. f3 Qc6 28.
fxe4 Nxe4 29. Rf1 f5 30. Nxe4 Rxe4 31. Rxe4 fxe4 32. Rf2 Qd6 33. c3 Rf7 34.
Rxf7 Kxf7 35. Ng2 g5 36. Ne3 b5 37. axb5 axb5 38. Ng4 Ke7 39. Ne5 Qf6 40. Kg2
Kd6 41. Qe2 Bg8 42. Qh5 Bd5 43. Qe2 Qf5 44. Kh2 Be6 45. g4 Qf4+ 46. Kg2 e3 47.
Qf3 Bd5 0-1

[Event "68. BEM 2014"]
[Site "Dortmund"]
[Date "2014.02.11"]
[Round "8.13"]
[White "Wangrin, Stefan A"]
[Black "Pachura, Karl-Heinz"]
[Result "0-1"]
[WhiteElo "1323"]
[BlackElo "1396"]
[PlyCount "120"]
[EventDate "2014.??.??"]
[Source "SG Dortmund"]
[SourceDate "2004.12.16"]

1. e4 e5 2. c4 c5 3. d3 Nc6 4. Nc3 Nf6 5. Nd5 Bd6 6. Bg5 Be7 7. Nxe7 Qxe7 8.
Nf3 Qd6 9. Nh4 h6 10. Nf5 Qf8 11. Bxf6 gxf6 12. Ne3 Ne7 13. Qh5 Qg7 14. Nf5
Nxf5 15. exf5 Qg5 16. Qxg5 fxg5 17. Be2 h5 18. h4 g4 19. g3 Ke7 20. f3 gxf3 21.
Bxf3 d6 22. g4 hxg4 23. Bxg4 Kf6 24. Kd2 Bd7 25. Ke3 Bc6 26. Rh2 Rag8 27. Rg1
Rg7 28. Rh3 Rhg8 29. Rhg3 Bd7 30. Kf2 Bxf5 31. Bxf5 Rxg3 32. Rxg3 Rxg3 33. Kxg3
Kxf5 34. b3 a6 35. a3 Kg6 36. b4 f5 37. Kf3 Kh5 38. Kg3 b6 39. bxc5 dxc5 40.
Kh3 f4 41. a4 a5 42. Kg2 Kxh4 43. Kf3 Kg5 44. Kf2 Kg4 45. Kg2 f3+ 46. Kf2 Kf4
47. Kf1 Ke3 48. Ke1 Kxd3 49. Kf2 e4 50. Ke1 e3 51. Kf1 e2+ 52. Ke1 f2+ ({
Etwas eleganter war} 52... b5 $1 53. cxb5 Ke3 54. b6 f2#) 53. Kxf2 Kd2 54. Kf3
e1=Q 55. Kf4 Kd3 56. Kf5 Qe4+ 57. Kf6 Kxc4 58. Kg5 Qf3 59. Kg6 Qf4 60. Kg7 Kb4
0-1

[Event "68. BEM 2014"]
[Site "Dortmund"]
[Date "2014.02.11"]
[Round "8.14"]
[White "Wilkins, Petra"]
[Black "Schlettig, Hans-Joachim"]
[Result "1-0"]
[WhiteElo "942"]
[BlackElo "1183"]
[PlyCount "97"]
[EventDate "2014.??.??"]
[Source "SG Dortmund"]
[SourceDate "2004.12.16"]

1. d4 d5 2. Nf3 Nf6 3. g3 c5 4. dxc5 Nc6 5. Bg2 Bg4 6. O-O e6 7. Nbd2 Bxc5 8.
b3 O-O 9. Bb2 Rc8 10. Qc1 Re8 11. Rd1 Qb6 12. Rf1 Be7 13. h3 Bh5 14. Ne5 Bxe2
15. Re1 Ba6 16. c4 Nb4 17. a3 Nc6 18. Nxc6 Rxc6 19. Bf1 Bc5 20. Re2 Ne4 21.
Nxe4 dxe4 22. Qg5 g6 23. Qf6 Kf8 24. Qg7+ Ke7 25. Qf6+ Kf8 26. b4 Bxb4 27. Rxe4
Bc5 28. Rf4 Rc7 29. Be5 Bd6 30. Qg7+ Ke7 31. Rxf7+ Kd8 32. Rd1 Rc6 33. Rd7+ Kc8
34. Bxd6 Bxc4 35. Bb4 Bd5 36. Qf7 Rd8 37. Re7 Rc7 38. Qxh7 a5 39. Be1 Rxe7 40.
Qxe7 Rd7 41. Rc1+ Bc6 42. Qxe6 Qd4 43. Bxa5 Qd5 44. Qe8+ Rd8 45. Rxc6+ bxc6 46.
Ba6+ Kb8 47. Bxd8 Qd1+ 48. Kh2 Qb3 49. Bb6# 1-0

[Event "68. BEM 2014"]
[Site "Dortmund"]
[Date "2014.02.11"]
[Round "8.15"]
[White "Busse, Siegfried"]
[Black "Reker, Gerhard"]
[Result "1-0"]
[WhiteElo "1284"]
[BlackElo "890"]
[PlyCount "73"]
[EventDate "2014.??.??"]
[Source "SG Dortmund"]
[SourceDate "2004.12.16"]

1. e4 e5 2. Nf3 Nc6 3. d4 exd4 4. Nxd4 Ne5 5. Nf3 d6 6. Nxe5 dxe5 7. Qxd8+ Kxd8
8. Bc4 Be6 9. Nd2 Nf6 10. Bxe6 fxe6 11. Nc4 Bb4+ 12. c3 Bd6 13. Bg5 h6 14. Bh4
g5 15. Bg3 Ke7 16. Bxe5 Rad8 17. O-O-O b5 18. Bxf6+ Kxf6 19. Na5 Bf4+ 20. Kc2
Rc8 21. Nc6 a6 22. Rd3 Rhe8 23. g3 Bd6 24. Re1 e5 25. a3 Ra8 26. Kb3 a5 27.
Red1 Re6 28. a4 b4 29. cxb4 Bxb4 30. Nxb4 Rb6 31. Kc2 axb4 32. b3 Rc6+ 33. Kb2
Rc5 34. Rd5 Raa5 35. Rxc5 Rxc5 36. Rc1 Rd5 37. exd5 1-0

[Event "68. BEM 2014"]
[Site "Dortmund"]
[Date "2014.02.13"]
[Round "9.1"]
[White "Kropp, Andreas"]
[Black "Brendemühl, Bernd"]
[Result "1/2-1/2"]
[WhiteElo "1948"]
[BlackElo "1961"]
[PlyCount "47"]
[EventDate "2014.??.??"]
[Source "SG Dortmund"]
[SourceDate "2004.12.16"]

1. b3 Nf6 2. Bb2 e6 3. c4 c6 4. Qc2 d5 5. e3 Nbd7 6. Nf3 Bd6 7. Be2 O-O 8. O-O
e5 9. d3 Re8 10. Nbd2 Nf8 11. Rfe1 Ng6 12. Nf1 Bd7 13. a3 h6 14. Ng3 Rc8 15.
Rac1 Nh7 16. Qb1 Ng5 17. cxd5 cxd5 18. Rxc8 Bxc8 19. Nd2 Be6 20. Rc1 Qd7 21.
Qa1 Rc8 22. Bh5 Rxc1+ 23. Qxc1 Ne7 24. Be2 {(=)} 1/2-1/2

[Event "68. BEM 2014"]
[Site "Dortmund"]
[Date "2014.02.13"]
[Round "9.2"]
[White "Ewers, Christian"]
[Black "Grube, Jörg"]
[Result "0-1"]
[WhiteElo "1692"]
[BlackElo "1810"]
[PlyCount "66"]
[EventDate "2014.??.??"]
[Source "SG Dortmund"]
[SourceDate "2004.12.16"]

1. e4 c5 2. Nf3 d6 3. d4 cxd4 4. Nxd4 Nf6 5. Nc3 e6 6. g4 h6 7. h4 a6 8. Rg1
Nfd7 9. g5 hxg5 10. hxg5 g6 11. Be3 b5 12. a4 b4 13. Na2 Bb7 14. Nxb4 Bxe4 15.
Bd3 Bxd3 16. Nxd3 Nb6 17. Qf3 d5 18. Ne5 Qc7 19. Qf6 Rh7 20. Nxe6 fxe6 21.
Qxg6+ Kd8 22. Bxb6 Qxb6 23. Qxh7 Qxb2 24. Nf7+ Ke8 25. Rd1 Qc3+ 26. Kf1 Nc6 27.
Rg3 Qc4+ 28. Kg2 Ra7 29. g6 Qe4+ 30. Kg1 Nd4 31. Rxd4 Qxd4 32. g7 Rxf7 33. g8=Q
Qxf2+ 0-1

[Event "68. BEM 2014"]
[Site "Dortmund"]
[Date "2014.02.13"]
[Round "9.3"]
[White "Stricker, Florian"]
[Black "Begna, Bozidar"]
[Result "1/2-1/2"]
[WhiteElo "1891"]
[BlackElo "1958"]
[PlyCount "68"]
[EventDate "2014.??.??"]
[Source "SG Dortmund"]
[SourceDate "2004.12.16"]

1. d4 d6 2. c4 e5 3. dxe5 dxe5 4. Qxd8+ Kxd8 5. e4 Be6 6. Nc3 Bc5 7. Bd2 Nd7 8.
f3 c6 9. O-O-O a5 10. f4 Bg4 11. Nf3 exf4 12. Bxf4 Ne7 13. Be2 Ng6 14. Bg3 Be3+
15. Kb1 Bf4 16. Bxf4 Nxf4 17. Ne5 Nxe2 18. Nxe2 Be6 19. Rxd7+ Bxd7 20. Nxf7+
Ke7 21. Nxh8 Rxh8 22. Rf1 Rd8 23. Kc2 Bg4 24. Nc3 Rd4 25. b3 b6 26. h3 Bh5 27.
Rf2 {(=)} 27... Bg6 28. Rd2 Bxe4+ 29. Nxe4 Rxe4 30. Kd3 Re6 31. Rf2 Re1 32. Kd2
Re5 33. Kd3 c5 34. Rf4 Rg5 1/2-1/2

[Event "68. BEM 2014"]
[Site "Dortmund"]
[Date "2014.02.13"]
[Round "9.4"]
[White "Schütz, Ralf"]
[Black "Cogan, Leonid"]
[Result "1/2-1/2"]
[WhiteElo "1824"]
[BlackElo "1741"]
[PlyCount "94"]
[EventDate "2014.??.??"]
[Source "SG Dortmund"]
[SourceDate "2004.12.16"]

1. e4 c5 2. Nf3 e6 3. d4 cxd4 4. Nxd4 a6 5. Be3 Nf6 6. Bd3 Qc7 7. Nd2 Nc6 8.
Nxc6 bxc6 9. f4 d5 10. e5 Nd7 11. b3 Be7 12. O-O Bc5 13. Rf3 Qb6 14. Qe2 Bxe3+
15. Rxe3 Nc5 16. Kh1 Nxd3 17. cxd3 a5 18. a4 Ba6 19. g4 c5 20. Rc1 Bb7 21. Kg1
g6 22. h4 h5 23. Qf2 Rc8 24. f5 gxf5 25. gxf5 Rg8+ 26. Kf1 Kd7 27. Rg3 Ba6 28.
fxe6+ Qxe6 29. Rf3 Rg7 30. Rxc5 Rcg8 31. Rc1 Rg1+ 32. Qxg1 Rxg1+ 33. Kxg1 Qxe5
34. Rcf1 f5 35. R1f2 Ke6 36. Nf1 d4 37. Ng3 Qg7 38. Kh2 Qg4 39. Nxf5 Bb7 40.
Rg3 Qd1 41. Nxd4+ Kd6 42. Nb5+ Kc5 43. Rg5+ Kb6 44. Rf6+ Bc6 45. Rd6 Qh1+ 46.
Kg3 Qf3+ 47. Kh2 Qh1+ 1/2-1/2

[Event "68. BEM 2014"]
[Site "Dortmund"]
[Date "2014.02.13"]
[Round "9.5"]
[White "Gegner, Michael"]
[Black "Ziemek, Gerhard"]
[Result "0-1"]
[WhiteElo "1491"]
[BlackElo "1615"]
[PlyCount "46"]
[EventDate "2014.??.??"]
[Source "SG Dortmund"]
[SourceDate "2004.12.16"]

1. d4 d5 2. e4 dxe4 3. Nc3 Nf6 4. f3 exf3 5. Nxf3 Bg4 6. h3 Bxf3 7. Qxf3 Nc6 8.
Bb5 Nd7 9. O-O f6 10. Bxc6 bxc6 11. Qxc6 g6 12. Nd5 Kf7 13. Nxc7 Rc8 14. Qe6+
Kg7 15. Nd5 Rxc2 16. Rf4 Nb6 17. Ne3 Qc8 18. Qxc8 Rxc8 19. Re4 Kf7 20. Bd2 e6
21. Re1 Bd6 22. b3 f5 23. Nc4 Nxc4 0-1